<?xml version="1.0" encoding="UTF-8"?>
<resp>
  <nextPage>https://data.bn.org.pl/api/networks/bibs.marcxml?marc=001+b00001150000908&amp;sinceId=1150000909</nextPage>
  <collection>
    <record xmlns='http://www.loc.gov/MARC21/slim'><leader>01391namZa2200409ZiZ4500</leader><controlfield tag='001'>b00001150000908</controlfield><controlfield tag='005'>20241203215814.9</controlfield><controlfield tag='008'>230609s        pl           |000 0 pol c</controlfield><controlfield tag='009'>9913262231705606</controlfield><datafield ind1=' ' ind2=' ' tag='020'><subfield code='a'>837123838X</subfield></datafield><datafield ind1=' ' ind2=' ' tag='035'><subfield code='a'>KR_1KR_1_20120318001512049802-48omnis_kr</subfield></datafield><datafield ind1=' ' ind2=' ' tag='035'><subfield code='a'>KR_1_20120318001512049802</subfield><subfield code='9'>ExL</subfield></datafield><datafield ind1=' ' ind2=' ' tag='035'><subfield code='a'>(PL)b00001150000908</subfield></datafield><datafield ind1=' ' ind2=' ' tag='040'><subfield code='a'>KR_1</subfield><subfield code='c'>KR_1</subfield></datafield><datafield ind1='1' ind2=' ' tag='041'><subfield code='a'>pol</subfield><subfield code='h'>eng</subfield></datafield><datafield ind1='1' ind2=' ' tag='100'><subfield code='a'>Deary, Terry</subfield></datafield><datafield ind1='1' ind2='0' tag='245'><subfield code='a'>Groźni rycerze w ponurych zamczyskach /</subfield><subfield code='c'>Terry Deary ; tł. Tomasz i Edyta Kubikowscy ; [il. Philip Reeve].</subfield></datafield><datafield ind1=' ' ind2=' ' tag='260'><subfield code='a'>Warszawa :</subfield><subfield code='b'>Egmont Polska,</subfield><subfield code='c'>2000.</subfield></datafield><datafield ind1=' ' ind2=' ' tag='300'><subfield code='a'>174, [1] s. ;</subfield><subfield code='c'>20 cm.</subfield></datafield><datafield ind1='1' ind2=' ' tag='490'><subfield code='a'>Strrraszna Historia</subfield></datafield><datafield ind1=' ' ind2=' ' tag='500'><subfield code='a'>dd</subfield></datafield><datafield ind1=' ' ind2='9' tag='650'><subfield code='a'>Rycerstwo</subfield><subfield code='x'>historia</subfield><subfield code='v'>wydawnictwa popularne</subfield></datafield><datafield ind1=' ' ind2='9' tag='650'><subfield code='a'>Literatura młodzieżowa angielska</subfield><subfield code='y'>20 w.</subfield></datafield><datafield ind1=' ' ind2='9' tag='650'><subfield code='a'>Kultura życia codziennego</subfield><subfield code='x'>historia</subfield><subfield code='y'>10-16 w.</subfield><subfield code='v'>wydawnictwa popularne</subfield></datafield><datafield ind1='1' ind2=' ' tag='700'><subfield code='a'>Reeve, Philip</subfield><subfield code='e'>Il.</subfield></datafield><datafield ind1='1' ind2=' ' tag='700'><subfield code='a'>Kubikowska, Edyta</subfield><subfield code='e'>Tł.</subfield></datafield><datafield ind1='1' ind2=' ' tag='700'><subfield code='a'>Kubikowski, Tomasz.</subfield><subfield code='e'>Tł.</subfield></datafield><datafield ind1=' ' ind2=' ' tag='852'><subfield code='b'>48OMNIS_NETWORK</subfield><subfield code='8'>9913262231705606</subfield></datafield><datafield ind1=' ' ind2=' ' tag='852'><subfield code='b'>48OMNIS_MBPG</subfield><subfield code='8'>991002382669708210</subfield></datafield><datafield ind1=' ' ind2=' ' tag='852'><subfield code='b'>48OMNIS_KR</subfield><subfield code='8'>991000009089708216</subfield></datafield><datafield ind1=' ' ind2=' ' tag='852'><subfield code='8'>22792471230008210</subfield><subfield code='j'>1</subfield><subfield code='b'>F06</subfield><subfield code='p'>10065500</subfield><subfield code='c'>lok06</subfield></datafield><datafield ind1=' ' ind2=' ' tag='920'><subfield code='a'>83-7123-838-X</subfield></datafield></record>
  </collection>
</resp>
